Regalos caseros : (Record no. 218574)
[ view plain ]
| 000 -CABECERA | |
|---|---|
| campo de control de longitud fija | 02124nam a2200337 a 4500 |
| 003 - IDENTIFICADOR DEL NÚMERO DE CONTROL | |
| campo de control | CHAP |
| 005 - FECHA Y HORA DE LA ÚLTIMA TRANSACCIÓN | |
| campo de control | 20230324104752.0 |
| 007 - CAMPO FIJO DE DESCRIPCIÓN FÍSICA--INFORMACIÓN GENERAL | |
| campo de control de longitud fija | ta |
| 008 - DATOS DE LONGITUD FIJA--INFORMACIÓN GENERAL | |
| campo de control de longitud fija | 230324s2015 -geao||fr|||| 001 0 spa d |
| 020 ## - NÚMERO INTERNACIONAL ESTÁNDAR DEL LIBRO | |
| Número Internacional Estándar del Libro | 978-3-8480-0865-0 |
| 040 ## - FUENTE DE LA CATALOGACIÓN | |
| Centro catalogador/agencia de origen | mxchpua |
| Centro/agencia transcriptor | CHAP |
| Normas de descripción | rda |
| 050 10 - SIGNATURA TOPOGRÁFICA DE LA BIBLIOTECA DEL CONGRESO | |
| Número de clasificación | TT157 |
| Número de documento/Ítem | .B87 2015 |
| 082 00 - NÚMERO DE LA CLASIFICACIÓN DECIMAL DEWEY | |
| Número de clasificación | 745 |
| Número de documento/Ítem | B87 2015 |
| Número de edición | 20 |
| 100 1# - ENTRADA PRINCIPAL--NOMBRE DE PERSONA | |
| 9 (RLIN) | 186528 |
| Nombre de persona | Busch, Marlies |
| 240 1# - TÍTULO UNIFORME | |
| Título uniforme | Mit liebe selbst gemacht. Geschenke aus küche und garten, woll- und nähkorb. |
| Lenguaje de la obra | Español |
| 245 10 - MENCIÓN DE TÍTULO | |
| Título | Regalos caseros : |
| Resto del título | ideas para compartir / |
| Mención de responsabilidad, etc. | Marlies Busch ; traductora Almudena Sasian |
| 250 ## - MENCIÓN DE EDICIÓN | |
| Mención de edición | 1a edición |
| 264 ## - PRODUCCIÓN, PUBLICACIÓN, DISTRIBUCIÓN, FABRICACIÓN Y COPYRIGHT | |
| Producción, publicación, distribución, fabricación y copyright | Barcelona, España : |
| Nombre del de productor, editor, distribuidor, fabricante | H. F. Ullmann, |
| Fecha de producción, publicación, distribución, fabricación o copyright | 2015 |
| 300 ## - DESCRIPCIÓN FÍSICA | |
| Extensión | 167 páginas : |
| Otras características físicas | ilustraciones, fotografías |
| 336 ## - TIPO DE CONTENIDO | |
| Fuente | rdacontent |
| Término de tipo de contenido | texto |
| Código de tipo de contenido | txt |
| 337 ## - TIPO DE MEDIO | |
| Fuente | rdamedia |
| Nombre/término del tipo de medio | sin medio |
| Código del tipo de medio | n |
| 338 ## - TIPO DE SOPORTE | |
| Fuente | rdacarrier |
| Nombre/término del tipo de soporte | volumen |
| Código del tipo de soporte | nc |
| 505 0# - NOTA DE CONTENIDO CON FORMATO | |
| Nota de contenido con formato | Prólogo --<br/>Regalos culinarios --<br/>Regalos de lana e hilo --<br/>Regalos de cosmética y bienestar --<br/>Regalos para la casa y el jardín --<br/>Ideas para empaquetar regalos |
| 520 2# - SUMARIO, ETC. | |
| Sumario, etc. | Siempre es bonito ofrecer un regalo hecho con las propias manos, de concepción personal e individualizada y que, además, transmite la ilusión y el amor con que se ha realizado. Este libro es una excelente fuente de inspiración para elaborar todo tipo de regalos caseros, desde delicias cocinadas y conservas hasta objetos decorativos y accesorios. Con él aprenderá a hacer encantadores y prácticos regalos. En sus cinco capítulos podrá escoger entre preparar un detalle culinario (por ejemplo, unas trufas), un cosmético casero (como un aceite de masaje), una prenda de punto (una bufanda) o un objeto decorativo hecho a mano (como un rústico portavelas). Con sus más de 100 propuestas, que incluyen instrucciones paso a paso, este libro le guiará a través del arte de la elaboración manual de entrañables regalos. Hay ideas para todos los gustos y ocasiones. |
| 650 13 - PUNTO DE ACCESO ADICIONAL DE MATERIA--TÉRMINO DE MATERIA | |
| 9 (RLIN) | 153381 |
| Término de materia o nombre geográfico como elemento de entrada | Conservas |
| 650 13 - PUNTO DE ACCESO ADICIONAL DE MATERIA--TÉRMINO DE MATERIA | |
| 9 (RLIN) | 186529 |
| Término de materia o nombre geográfico como elemento de entrada | Trabajos manuales |
| 650 13 - PUNTO DE ACCESO ADICIONAL DE MATERIA--TÉRMINO DE MATERIA | |
| 9 (RLIN) | 153674 |
| Término de materia o nombre geográfico como elemento de entrada | Preserves |
| 650 13 - PUNTO DE ACCESO ADICIONAL DE MATERIA--TÉRMINO DE MATERIA | |
| 9 (RLIN) | 186530 |
| Término de materia o nombre geográfico como elemento de entrada | Handicrafts |
| 700 1# - PUNTO DE ACCESO ADICIONAL--NOMBRE DE PERSONA | |
| 9 (RLIN) | 186531 |
| Nombre de persona | Sasiain, Almudena |
| Término indicativo de función/relación | traductora |
| 942 ## - ELEMENTOS DE PUNTO DE ACCESO ADICIONAL (KOHA) | |
| Fuente del sistema de clasificación o colocación | Dewey Decimal Classification |
| Tipo de ítem Koha | |
| Estado de retiro | Estado de pérdida | Fuente del sistema de clasificación o colocación | Estado dañado | Restricciones de uso | No para préstamo | Código de colección | Localización permanente | Ubicación/localización actual | Fecha de adquisición | Fuente de adquisición | Número de inventario | Total de préstamos | Signatura topográfica completa | Código de barras | Fecha visto por última vez | Número de copia | Precio válido a partir de | Tipo de ítem Koha |
|---|---|---|---|---|---|---|---|---|---|---|---|---|---|---|---|---|---|---|
| Dewey Decimal Classification | Préstamo interno | General | Ingenieria Agroindustrial | Ingenieria Agroindustrial | 09/12/2021 | Compra Carvann Books F. 39632 | Consumo | 745 B87 2015 | 1102014516 | 24/03/2023 | Ej. 1 | 24/03/2023 | Libro |
